02075cam a22003015a 45000010009000000050017000090080041000260200018000670200015000850350021001000400064001210820021001852450156002062460045003622600054004073000047004615000024005085040041005325050827005736500064014006510010014646530025014747000049014997000039015489420008015879990017015959520161016121027923520160908135854.0121023t2013 ilua frb 001 0 eng d a9780867155860 a0867155868 a(OCoLC)814440868 aDNLM/DLCbengcDLCdNLMdYDXCPdBTCTAdPAUdOCLCOdEG-ScBUE04a617.522222bTRE00aTreatment of TMDs :bbridging the gap between advances in research and clinical patient management /cedited by Charles S. Greene and Daniel M. Laskin.1 aTreatment of temporomandibular disorders aHanover Park :bQuintessence Publishing,cc.2013. axii, 204 p. :bill. (some col.) ;c29 cm. aIndex : p. 197-204. aIncludes bibliographical references.0 aSensory mechanisms of orofacial pain -- Pathophysiology of masticatory myofascial pain -- Pathophysiology of intracapsular inflammation and degeneration -- Comorbid conditions : how they affect orofacial pain -- How sleep and pain affect each other -- Genetic determinants of complex orofacial pain conditions -- Quantitative sensory testing of pain responsiveness -- Predicting treatment responsiveness : somatic and psychologic factors -- Biomechanics and mechanobiology of the TMJ -- Finite element analysis of the TMJ -- TMJ lubrication -- Imaging the TMJ and associated structures -- Brain imaging of pain phenomena -- Synovial fluid assay and biomarkers of TMJ disease -- Tissue engineering for the TMJ -- Injectable compounds to treat TMJ pain and degenerative joint disease -- Pharmacologic management of TMD pain. 7aTemporomandibular jointxDiseasesxTreatment.2BUEsh937680 2BUEsh bDDentcSeptember20161 aGreene, Charles S.c(Orthodontist),eeditor.1 aLaskin, Daniel M.,d1924-eeditor. 2ddc c22353d22325 00102ddc40708Scien. H.aMAINbMAINc1STd2016-09-08ePurchaseg1050.00h2689l2m2o617.522 TREp000033610r2025-07-15 00:00:00s2018-10-08v1313.00yBB